000 00787nam a2200277Ia 4500
005 20250425160712.0
008 250425s9999 xx 000 0 und d
020 _a9688809535
041 _aspa
082 _a621.31042
100 _aCAISSE, ARTHUR J.
245 0 _aMAQUINAS ELECTRICAS ROTATIVAS Y TRANSFORMADORES
250 _a4A ED.
260 _aMEXICO
260 _aMéxico
_bPRENTICE-HALL HISPANOAMERICANA
_c1997
300 _a730
500 _aTítulo Traducido: ROTATING ELECTRIC MACHINERY AND TRANSFORMER TECHNOLOGY
650 _aGENERADORES ELECTRICOS
650 _aMAQUINARIA ELECTRICA
650 _aMAQUINARIA ROTATIVA
650 _aMOTORES ELECTRICOS
650 _aTRANSFORMADORES
700 _aRICHARDSON, DONALD V.
942 _c01
010 _a2888
999 _c194437
_d194437